000 01437nam0a22003251 4500
001 RU\INFOCOMM_327\NLR\5000069779
005 20250614080211.0
035 _a(NLR Aleph) 010596417
090 _a10521512
_c10521512
100 _a20130321d1988 |||y0rusy50 ca
101 0 _aeng
102 _aRU
105 _ay z||||
200 1 _aˆThe ‰plastic tube hadron calorimeter
_eThe study of operation properties a. particle separation
_fG. A. Akopdjanov, V. I. Belousov, A. M. Blick, V. I. Romanovski
210 _aSerpukhov
_cИн-т физики высоких энергий
_d1988
215 _a11 с.
_cдиагр.
_d21 см
225 1 _aИФВЭ ОНФ
_fUSSR state comm. for utilization of atomic energy, Inst. for high energy physics
_v88-211
300 _aВ вып. дан.: Адронный калориметр на пластиковых трубках: (Исслед. рабочих характеристик и разделение частиц) / Г. А. Акопджанов и др.
300 _aРез. на рус. яз.
320 _aБиблиогр.: с. 11
606 0 _aКалориметры адронные
_2nlr_sh1
620 _aСерпухов
686 _aВ381.585
_2rubbk
701 1 _9z01790
_aAkopdžanov
_bG. A.
790 1 _9z01701
_aAkopdjanov
_bG. A.
_4070
801 1 _aRU
_bInfocomm
_c20130321
801 0 _aRU
_bINFOCOMM
_gPSBO
852 _aNLR
_jФз01 Д-4/5244
942 _cBOOK
980 _aNB